书目信息 |
| 书名: | Cecily Brown | |
| 作者: | Brown, Cecily. | |
| 分册号: | ||
| 分册名: | 出版地: |
|
| 出版社: | New York : Rizzoli in collaboration with Gagosian Gallery | |
| 出版时间: | 2008. | |
| 页数: | 264 p. ; | |
| 开本: | 28cm. | |
| 丛书名: | ||
| 中图分类号: | ||
| 科图分类号: | ||
| 其他分类号: | J231 | |
| 主题词: | ||
| 电子资源: | ||
| 000 | 00470nam 2200169 a 4500 | |
| 001 | E1758533973 | |
| 005 | 20171201161739.81 | |
| 008 | 171201s2008 00010 eng | |
| 020 | @a978-0-8478-3092-3 :@cCNY590.00. | |
| 040 | @aPFT@beng | |
| 093 | @aJ231 | |
| 099 | @dJ231@eB310 | |
| 245 | @aCecily Brown / @cBrown, Cecily. | |
| 260 | @bNew York : Rizzoli in collaboration with Gagosian Gallery,@c2008. | |
| 300 | @a264 p. ;@c28cm. | |
| 650 | 0 | @a绘画@x世界 |
| 650 | 0 | @a绘画@y各国 |
| Cecily Brown / / Brown, Cecily.-New York : Rizzoli in collaboration with Gagosian Gallery, , 2008. |
| 264 p. ; ; 28cm. |
| ISBN 978-0-8478-3092-3 :CNY590.00. |
| ● |
| 相关链接 |
|
|
|
正题名:Cecily Brown
索取号:J231/B310
 
预约/预借
| 序号 | 登录号 | 条形码 | 馆藏地/架位号 | 状态 | 备注 |
| 1 | 0015878 | 300158781 | 艺术设计学院资料室/ [索取号:J231/B310] | 在馆 |